رباب کن / (Record no. 107314)
[ view plain ]
| 000 -LEADER | |
|---|---|
| fixed length control field | 00858nam a22002537a 4500 |
| 005 - DATE AND TIME OF LATEST TRANSACTION | |
| control field | 20170123162324.0 |
| 010 ## - LIBRARY OF CONGRESS CONTROL NUMBER | |
| LC control number | A-905745 |
| 020 ## - INTERNATIONAL STANDARD BOOK NUMBER | |
| Terms of availability | 60.00 |
| 035 ## - SYSTEM CONTROL NUMBER | |
| System control number | A-905745 |
| 037 ## - SOURCE OF ACQUISITION | |
| Source of stock number/acquisition | Cen Lib/Ret |
| 040 ## - CATALOGING SOURCE | |
| Original cataloging agency | DPL |
| Language of cataloging | UR |
| 082 ## - DEWEY DECIMAL CLASSIFICATION NUMBER | |
| Classification number | 841 |
| Item number | ک ه و |
| 100 ## - MAIN ENTRY--PERSONAL NAME | |
| Personal name | کھوسلا، مدن لال |
| 9 (RLIN) | 118634 |
| 245 ## - TITLE STATEMENT | |
| Title | رباب کن / |
| Statement of responsibility, etc | مدن لال کھوسلا چیتن دہلوی |
| 246 ## - VARYING FORM OF TITLE | |
| Title proper/short title | Rabab-e-kun / |
| Remainder of title | by Madan Lal Khosla Chetal Dehlvi |
| 260 ## - PUBLICATION, DISTRIBUTION, ETC. (IMPRINT) | |
| Place of publication, distribution, etc | دہلی |
| Name of publisher, distributor, etc | مدن لال کھوسلا چیتن دہلوی |
| Date of publication, distribution, etc | 1997 |
| 270 ## - ADDRESS | |
| City | دہلی |
| Address | ١/٥٦، اولڈ راجندر نگر |
| Postal code | 110060 |
| 300 ## - PHYSICAL DESCRIPTION | |
| Extent | 109p. |
| Dimensions | 21cm(Hb) |
| 650 ## - SUBJECT ADDED ENTRY--TOPICAL TERM | |
| Topical term or geographic name as entry element | ادب - اردو |
| 9 (RLIN) | 118635 |
| 650 ## - SUBJECT ADDED ENTRY--TOPICAL TERM | |
| Topical term or geographic name as entry element | اردو شاعری |
| 9 (RLIN) | 118636 |
| 650 ## - SUBJECT ADDED ENTRY--TOPICAL TERM | |
| Topical term or geographic name as entry element | Literature -- Urdu |
| 9 (RLIN) | 118637 |
| 650 ## - SUBJECT ADDED ENTRY--TOPICAL TERM | |
| Topical term or geographic name as entry element | Urdu poetry |
| 9 (RLIN) | 118638 |
| 942 ## - ADDED ENTRY ELEMENTS (KOHA) | |
| Source of classification or shelving scheme | Dewey Decimal Classification |
| Koha item type | Urdu Bks |
| Classification part | 841 |
| Call number suffix | ک ه و |
| Withdrawn status | Lost status | Damaged status | Not for loan | Home library | Current library | Date acquired | Source of acquisition | Cost, normal purchase price | Total Checkouts | Full call number | Barcode | Date last seen | Copy number | Cost, replacement price | Price effective from | Koha item type |
|---|---|---|---|---|---|---|---|---|---|---|---|---|---|---|---|---|
| Central Library | Central Library | 06/01/2016 | Cen Lib/Ret | 60.00 | 841 ک ه و | A-905745 | 06/01/2016 | 1 | 60.00 | 06/01/2016 | Urdu Bks |
